| 000 | 00000nam##2200000za#4500 |
| 001 | 9.647778 |
| 003 | CaOODSP |
| 005 | 20210615112753 |
| 007 | ta |
| 008 | 150407|1999||||xxc||||| f|0| 0 eng|d |
| 020 | |a1-895643-96-1 |
| 040 | |aCaOODSP|beng |
| 043 | |an-cn--- |
| 086 | 1 |aEn134-6/1999E |
| 110 | 2 |aNational Round Table on the Environment and the Economy (Canada) |
| 245 | 10|aCanada's options for a domestic greenhouse gas emissions trading program |
| 260 | |aOttawa - Ontario : |bNational Round Table on the Environment and the Economy |c1999. |
| 300 | |avii, 110p. : |btables ; |c28 cm. |
| 500 | |a"The National Roundtable on the Environment and the Economy (NRTEE) initiated a project in the spring of 1998 to examine possible designs for a domestic emissions trading program for greenhouse gases (GHG). Alternative designs for a domestic GHG emissions trading program were selected and refined with advice from a Multistakeholder Expert Group... This report describes the five trading program designs developed and the results of their evaluation by the Multistakeholder Expert Group."--Introduction. |
| 520 | 3 |aThe National Roundtable on the Environment and the Economy (NRTEE) initiated a project in the spring of 1998 to examine possible designs for a domestic emissions trading program for greenhouse gases (GHG). Alternative designs for a domestic GHG emissions trading program were selected and refined with advice from a Multistakeholder Expert Group... This report describes the five trading program designs developed and the results of their evaluation by the Multistakeholder Expert Group.--Introduction |
| 563 | |aSoftcover |
| 590 | |a00-25|b2000-06-23 |
| 690 | 07|aClimate|2gcpds |
| 690 | 07|aEnvironmental management|2gcpds |
| 690 | 07|aPollution control|2gcpds |
| 690 | 07|aEnvironment|2gcpds |
| 776 | 0#|tCanada's options for a domestic greenhouse gas emissions trading program |w(CaOODSP)9.695021 |